The church of tomorrow : (Record no. 11129)
[ view plain ]
| 000 -LEADER | |
|---|---|
| fixed length control field | 01821nam a22002537a 4500 |
| 003 - CONTROL NUMBER IDENTIFIER | |
| control field | GBCCL |
| 005 - DATE AND TIME OF LATEST TRANSACTION | |
| control field | 20260121133647.0 |
| 008 - FIXED-LENGTH DATA ELEMENTS--GENERAL INFORMATION | |
| fixed length control field | 260121b |||||||| |||| 00| 0 eng d |
| 020 ## - INTERNATIONAL STANDARD BOOK NUMBER | |
| International Standard Book Number | 9780281086399 |
| 020 ## - INTERNATIONAL STANDARD BOOK NUMBER | |
| International Standard Book Number | 9780281086382 |
| 040 ## - CATALOGING SOURCE | |
| Transcribing agency | GBC |
| 082 ## - DEWEY DECIMAL CLASSIFICATION NUMBER | |
| Classification number | 262 |
| Item number | MCG 1 |
| 100 ## - MAIN ENTRY--PERSONAL NAME | |
| Personal name | McGinley, John |
| 245 ## - TITLE STATEMENT | |
| Title | The church of tomorrow : |
| Remainder of title | being a Christ centred people in a changing world / |
| Statement of responsibility, etc. | John McGinley |
| 260 ## - PUBLICATION, DISTRIBUTION, ETC. | |
| Place of publication, distribution, etc. | London, |
| Name of publisher, distributor, etc. | Society for Promoting Christian Knowledge, |
| Date of publication, distribution, etc. | 2023 |
| 300 ## - PHYSICAL DESCRIPTION | |
| Extent | xix, 162 pages |
| 505 ## - FORMATTED CONTENTS NOTE | |
| Formatted contents note | "What if what we are witnessing is not the decline of the Church but it's rebirth? The rates of decline in church attendance and the ticking demographic timebomb show that business as usual will lead to extinction. But out of these ashes there are countless reasons to hope. Signs and stories emerging from worshipping communities the world over can give us renewed confidence that, as always, God is doing a 'new-old' thing. The Church that is emerging amid times of uncertainty is growing, alive and demonstrating the qualities of the early church recorded in the New Testament, one that is more diverse, more spirit-filled, more confident in the Gospel, calling, equipping and sending people to make disciples in all nations. Written for ordained and lay leaders at all levels, this book will help you navigate these changing times in light of the immovable knowledge that God is always on the move."--Publisher |
| 505 ## - FORMATTED CONTENTS NOTE | |
| Formatted contents note | 1. Jesus is Lord<br/>2. Dependent upon the Holy Spirit<br/>3. Confident in the gospel<br/>4. A disciple-making community<br/>5. Churches that plant churches<br/>6. A diverse leadership<br/>7. A holy people<br/>8. Prioritizing prayer |
| 650 ## - SUBJECT ADDED ENTRY--TOPICAL TERM | |
| Topical term or geographic name entry element | Christian Church |
| 650 ## - SUBJECT ADDED ENTRY--TOPICAL TERM | |
| Topical term or geographic name entry element | Christian Life |
| 650 ## - SUBJECT ADDED ENTRY--TOPICAL TERM | |
| Topical term or geographic name entry element | Church renewal |
| 650 ## - SUBJECT ADDED ENTRY--TOPICAL TERM | |
| Topical term or geographic name entry element | Leadership |
| 942 ## - ADDED ENTRY ELEMENTS (KOHA) | |
| Source of classification or shelving scheme | Dewey Decimal Classification |
| Koha item type | Books |
| Suppress in OPAC | No |
| Withdrawn status | Lost status | Source of classification or shelving scheme | Damaged status | Not for loan | Home library | Current Library | Shelving location | Date acquired | Total checkouts | Full call number | Barcode | Date last seen | Copy number | Price effective from | Koha item type |
|---|---|---|---|---|---|---|---|---|---|---|---|---|---|---|---|
| Dewey Decimal Classification | GRACE BIBLE COLLEGE | GRACE BIBLE COLLEGE | Ministry & Mission | 2026-01-21 | 262 MCG | 017414 | 2026-01-21 | c.1 | 2026-01-21 | Books |